Top 15 des pays avec les décès de Covid-19 - 26 mai - Statistiques

Statistiques générales
  • Ce quiz a été pris 38 fois
  • Le résultat moyen est 14 sur 21
Statistiques - réponses
pays % Correct
Etats-Unis
97%
Chine
92%
Espagne
92%
France
92%
Allemagne
86%
Brésil
84%
Italie
84%
Royaume-Uni
81%
Mexique
76%
Belgique
65%
Canada
65%
Pays-Bas
62%
Inde
59%
Portugal
57%
Suède
54%
Suisse
54%
Irlande
46%
Iran
38%
Turquie
32%
Pérou
27%
Équateur
14%
Aucun quiz correspondant
Distribution des résultats
% des personnes avec chaque résultat
Percentile par nombre de réponses
Votre historique - résultats
Vous n’avez pas pris ce quiz